| 000 | 00573nam a2200229Ia 4500 | ||
|---|---|---|---|
| 003 | OSt | ||
| 005 | 20221005113918.0 | ||
| 006 | a|||||r|||| 00| 0 | ||
| 007 | ta | ||
| 008 | 221004b |||||||| |||| 00| 0 tam d | ||
| 024 | _a50177 | ||
| 037 | _cTextual | ||
| 040 |
_aCRL _cCRL _btam |
||
| 041 |
_2tam _atam |
||
| 082 | _aO31,3NCH,28, K5 | ||
| 100 |
_aNanjil B T Samy Au. _9625142 |
||
| 245 | 0 | _aAlaiyoram | |
| 260 | _c1965 | ||
| 650 | _aTAMIL FICTION | ||
| 942 |
_hO31,3NCH,28, K5 _cTEXL _2cc |
||
| 999 |
_c1029712 _d1029712 |
||